The Germany Quiz Stats

 Plays Quiz Updated Oct 29, 2018

Also try: The France Quiz
Challenge
Share
Tweet
Embed
Score 0/50 Timer 07:00
0 Plays Today
Hint Answer % Correct
Flag ColorRed
98%
Flag ColorBlack
97.9%
Flag ColorGold
97.5%
Capital CityBerlin
96.4%
Nationality (Demonym)German
95.9%
Primary LanguageGerman
95.9%
CurrencyEuro (EUR)
94.2%
Bordering CountryFrance
92.7%
ContinentEurope
91.1%
Most Popular SportFootball (Soccer)
90%
Bordering CountryPoland
89.9%
Bordering CountryAustria
89.6%
Largest ReligionChristianity
87.3%
Bordering CountrySwitzerland
87.2%
Third Largest CityMunich
86.5%
Drives on the...Right
86.4%
Bordering CountryBelgium
84.7%
Bordering CountryNetherlands
82.9%
Bordering CountryDenmark
81.7%
Bordering CountryCzechia
77.7%
Bordering CountryLuxembourg
77.6%
ChancellorAngela Merkel
75.2%
Former CurrencyGerman Mark
72.2%
Second Largest CityHamburg
71.4%
Famous Road with 'No Speed Limit'Autobahn
70.9%
Hint Answer % Correct
16-Day Fall FestivalOktoberfest
68.7%
Largest Automobile MakerVolkswagen
66.1%
Bordering SeaNorth Sea
64.2%
# of States16
62.7%
Composer, Moonlight SonataLudwig van Beethoven
61.4%
Famous Capital City GateBrandenburg Gate
60%
Bordering SeaBaltic Sea
58.5%
Wrote The Ninety-Five ThesesMartin Luther
55.8%
Largest CathedralCologne Cathedral
54.8%
Fourth Largest CityCologne
52.7%
Longest RiverDanube River
52.1%
Largest StateBavaria
49.4%
Parliament BuildingReichstag
43.5%
Official NameFederal Republic of Germany
40.8%
Astronomer, Planetary Motion LawsJohannes Kepler
26%
First Chancellor of Germany**Otto von Bismarck
25.7%
Largest StadiumSignal Iduna Park
23.8%
National AnthemThe Song of Germany
22.4%
Largest Lake*Lake Constance
20.4%
Highest Point (2,963 m) Zugspitze
18.2%
Unity DayOctober 3, 1990
17.7%
PresidentFrank-Walter Steinmeier
17.1%
Oldest Institution of Higher LearningUniversity of Heidelberg
14.7%
1936 Winter Olympic Host CityGarmisch-Partenkirchen
14.2%
Lowest Point ( -3.54 m)Neuendorf bei Wilster
2.9%

You're not logged in!

Compare scores with friends on all Sporcle quizzes.
OR
Log In

You Might Also Like...

Show Comments

Extras

Top Quizzes Today


Score Distribution

Your Account Isn't Verified!

In order to create a playlist on Sporcle, you need to verify the email address you used during registration. Go to your Sporcle Settings to finish the process.

Report this User

Report this user for behavior that violates our Community Guidelines.

Details: